Statistics for Top 10 NBA assists leaders

Click here to take the quiz!

General Stats

  • This quiz has been taken 13 times
  • The average score is 6 of 10

Answer Stats

HintAnswer% Correct
fjohn Stockton
100%
fMagic Johnson
92%
fLebron James
85%
fJason Kidd
77%
fSteve Nash
77%
fChris Paul
62%
fRussell Westbrook
62%
fIsiah Thomas
46%
fMark Jackson
46%
fOscar Robinson
0%

Score Distribution

Percentile by Number Answered

Percent of People with Each Score

Your Score History

You have not taken this quiz